| 000 | 00706nam a22002057a 4500 | ||
|---|---|---|---|
| 999 |
_c11571 _d11571 |
||
| 003 | AR-CdUCM | ||
| 008 | 190402b ||||| |||| 00| 0 spa d | ||
| 020 | _a84-294-2029-0 | ||
| 040 |
_aMUNICIPALIDAD PROVINCIAL DEL CUSCO _cBIBLIOTECA MUNICIPAL DEL CUSCO |
||
| 082 |
_aEP / 372.036 / _bEN56 |
||
| 110 |
_aSantilla _928044 |
||
| 245 |
_aEnciclopedia básica : _bCuarto grado / |
||
| 260 |
_aLima : _bSantilla, _c1982. |
||
| 300 |
_a231 paginas _c23 cm. |
||
| 505 | _aContenido :Reglas de transito -- Numeración decimal -- Mediciones -- La tierra -- Nuestra américa ... | ||
| 650 |
_aEducación primaria _91561 |
||
| 650 |
_aHistoria del Perú _9259 |
||
| 942 |
_2ddc _cLIBROS |
||
| 945 |
_arum _d04/04/2019 |
||